Bryson Tiller Discography - Statistics

General Stats
  • This quiz has been taken 62 times
    24 since last reset
  • The average score is 5 of 7
Answer Stats
Year Name Type % Correct
2020 A N N I V E R S A R Y Album
100%
2015 Trapsoul Album
100%
2017 True to Self Album
78%
2021 A Different Christmas Holiday EP
70%
2011 Killer Instinct Vol. 1 Mixtape
43%
2021 Killer Instinct 2: The Nightmare Before Mixtape
39%
TBA* Serenity Album
39%
No matching quizzes found
Score Distribution
Percent of People with Each Score
Percentile by Number Answered
Your Score History
You have not taken this quiz since the last reset